Vinyl chloride and PVC manufactures

Đã lưu trong:
书目详细资料
主要作者: Sittig, Marshall
格式: 图书
语言:Undetermined
出版: New Yersey Noyes Data Corporation 1978
主题:
标签: 添加标签
没有标签, 成为第一个标记此记录!
Thư viện lưu trữ: Trung tâm Học liệu Trường Đại học Cần Thơ
LEADER 00520nam a2200193Ia 4500
001 CTU_80781
008 210402s9999 xx 000 0 und d
082 |a 668.4 
082 |b S623 
100 |a Sittig, Marshall 
245 0 |a Vinyl chloride and PVC manufactures 
245 0 |c Marshall Sittig 
260 |a New Yersey 
260 |b Noyes Data Corporation 
260 |c 1978 
650 |a PVC,Vinyl chloride 
650 |x Patents 
904 |i Trọng Hải 
980 |a Trung tâm Học liệu Trường Đại học Cần Thơ